000
00222 a2200097 4500
001
38611
100
_a
Bashir Ahmad
245
_a
Jo Maly Tay Rastay may
260
_a
Lahore
_b
Gora Publishera
_c
1996
090
_c
24480
_d
24480
942
_a
NUST-CAE
_c
M
_c
16092
999
_c
273684
_d
273684